• 首页
  • 本馆介绍
  • 公告通知
  • 最新文献
  • 馆藏检索
  • 电子资源
  • 读者导购
  • 参考咨询
  • 我的图书馆
  • 登录
  • 详细信息显示
  • 放入我的书架
  • 预约/预借图书
  • 作者相关作品
  • 分类相关作品
  • 丛书相关作品
  • 出版社相关作品

书目信息

  • 表格格式
  • 工作单格式
  • 卡片格式
题名:
大学生创新创业基础
    
 
作者: 舒良荣 , 杨颖 主编
分册:  
出版信息: 北京   国家行政学院出版社  2020.01
页数: 243页
开本: 26cm
丛书名:
单 册:
中图分类: G640 , G647.38
科图分类:
主题词: 大学生--创造教育--高等教育--教材 , 大学生--职业选择--高等教育--教材
电子资源:
ISBN: 978-7-5150-1927-7
000 01010nam0 2200277 450
001 012001002358
005 20141203140854.0
010    @a978-7-5150-1927-7@dCNY38.00
100    @a20220905d2017 em y0chiy50 ea
101 0  @achi
102    @aCN@b110000
105    @aa z 000yy
106    @ar
200 1  @a大学生创新创业基础@Ada xue sheng chuang xin chuang ye ji chu@f舒良荣,杨颖主编
210    @a北京@c国家行政学院出版社@d2020.01
215    @a243页@c图@d26cm
300    @a普通高等教育“十三五”创新型规划教材
330    @a本书共分八章,内容包括:创新与创新意识、创新技法与创新能力、创业和创业精神、创业者与创业团队、创业机会与创业风险、创业资源与创业融资、创业计划与创业大赛等。
606 0  @a大学生@x创造教育@x高等教育@j教材
606 0  @a大学生@x职业选择@x高等教育@j教材
690    @aG640@v5
690    @aG647.38@v5
701  0 @a舒良荣@Ashu liang rong@f(1971~)@4主编
701  0 @a杨颖@Ayang ying@c(女,@f1979.7~)@4主编
801  0 @aCN@bAHXH@c20221111
905    @b1372734-7@dG640@e2414@f4
    
    大学生创新创业基础/舒良荣,杨颖主编.-北京:国家行政学院出版社,2020.01
    243页:图;26cm
    普通高等教育“十三五”创新型规划教材
    
    ISBN 978-7-5150-1927-7:CNY38.00
    本书共分八章,内容包括:创新与创新意识、创新技法与创新能力、创业和创业精神、创业者与创业团队、创业机会与创业风险、创业资源与创业融资、创业计划与创业大赛等。
●
相关链接 在E读中查询图书 在五车中查询图书 在当当中查询图书 在豆瓣中查询图书


正题名:大学生创新创业基础     索取号:G640/2414         预约/预借

序号 登录号 条形码 馆藏地/架位号 状态 备注
1 1372734   213727341   第一样本阅览室/ [索取号:G640/2414] 在馆    
2 1372735   213727350   教育系资料室/ [索取号:G640/2414] 在馆    
3 1372736   213727369   教育系资料室/ [索取号:G640/2414] 在馆    
4 1372737   213727378   第四借阅区/ [索取号:G640/2414] 在馆    
唐山师范学院图书馆 欢迎您!
大连网信软件有限公司© 版权所有